Histoire de l'art (Запис номер 41387)
[ съкратено ]
| 000 -Лидер | |
|---|---|
| Контролно поле с фиксирана дължина | 00933nam a2200277 c 4500 |
| 003 - Код на организацията, давaща контролен номер | |
| Контролно поле | BLK |
| 005 - Дата и час на последна редакция | |
| Контролно поле | 20180420221314.0 |
| 008 - Елементи от данни с фиксирана дължина | |
| fixed length control field | 180408b bul|||||r ||||||| ||bul|| |
| 010 ## - Наследен системен номер | |
| LC control number | KNG00044951000 |
| 020 ## - Международен стандартен номер на книга ISBN | |
| Международен стандартен номер на книга ISBN | 2-13-043808-3 |
| -- | издат.: Presses Universitaires de France |
| 040 ## - Източник на каталожния запис | |
| Идентификатор на билиотеката - собственик на записа | BLK |
| 041 ## - Код за език | |
| Код за езика на текст/звукозапис или на отделно заглавие | Френски |
| Код за езика КДБФ | Френски |
| 080 ## - УДК | |
| Текстов определител УДК | Изкуство. Художествени занаяти. Фотография. Музика. Развлечения. Игри. Спорт |
| УДК код - определител по УДК | 7 |
| УДК определител | .03 |
| УДК - код + определител | 7.03 |
| 100 1# - Редна дума - Автор | |
| Автор | Barral I Altet, Xavier |
| Авторска отговорност | първи автор |
| R(LIN) | 4509 |
| 139 ## - Редно поле | |
| Редна дума | BARRAL I ALTET, Xavier |
| Авторски знак | |
| 245 10 - Сведения за заглавието | |
| Заглавие | Histoire de l'art |
| Редно поле (дума) | Xavier Barral I Altet. |
| 250 ## - Област на изданието | |
| Сведения за изданието | 4. ed |
| 260 ## - Област на издателските данни | |
| -- | Paris |
| Име на издателя, разпространителя и проч. | Presses Universitaires de France |
| Година на издаване | 1996 |
| 300 ## - Физическа характеристика | |
| Страници | 128 c |
| Размери/Мащаб | 18 cm |
| 490 1# - СЕРИИ (Колекции) | |
| Име на серия | Encyclopedique |
| №: серия | 2473 |
| 852 ## - Местоположение | |
| Форматна сигнатура | Цб І 29649 |
| 856 4# - Електронен адрес и достъп | |
| Електронен формат | pdf - файл |
| Път до файла /url/ | |
| 856 4# - Електронен адрес и достъп | |
| Електронен формат | pdf - файл |
| Път до файла /url/ | |
| 942 ## - АРТИКУЛИ | |
| Вид на библиотечния материал | Книги |
| Скрит в OPAC | Не |
| 944 ## - СЪЗДАВАНЕ И РЕДАКЦИЯ на ЗАПИСА | |
| Създаване/Редакция | Създаване |
| Дата на регистрацията/редакция | 01.01.1999 |
| Служител, извършил регистрацията/редакцията | AB_DOS |
| 944 ## - СЪЗДАВАНЕ И РЕДАКЦИЯ на ЗАПИСА | |
| Създаване/Редакция | Редакция |
| Дата на регистрацията/редакция | 15.01.2003 |
| Служител, извършил регистрацията/редакцията | |
| 999 ## - СИСТЕМНИ КОНТРОЛНИ НОМЕРА | |
| Koha biblionumber | 41387 |
| Koha biblioitemnumber | 41387 |
| Код за отписване | Код за изгубен артикул | Код за повреда | Коз за рестрикции | Код за отдаване | Артикулен № | Име на библиотеката - собственик | Име на библиотеката, в която се намира в момента | Статус (Текущо местоположение) | Дата на вписване в системата | Местоположение - отдел | Цена в лева | Инвентарен номер | Систематично азбучна сигнатура | Баркод | Номер на екземпляра | Цена в евро | Служебна бележка | Служебен тип на артикула |
|---|---|---|---|---|---|---|---|---|---|---|---|---|---|---|---|---|---|---|
| Не е изгубен | Не е повреден | без рестрикции | заемане за дома | 64850 | Регионална библиотека "Любен Каравелов" Русе | Регионална библиотека "Любен Каравелов" Русе | ЧЧЗО - англ. ез. - Британски съвет | 2001-01-01 | ЧЧЗО - англ. ез. - Британски съвет | 0.00 | 645694 | Ч3 7/B26X | 645694 | 1 | 0.00 | Дата инв: 21.03.2015 Бележки инв: Ч32015 | Книги |